[Event "GER-chT U16"]
[Site "Lingen"]
[Date "2015.12.28"]
[Round "4.2"]
[White "Grieb, Lukas"]
[Black "Pfaffenrot, Daniel"]
[Result "1-0"]
[WhiteElo "1709"]
[BlackElo "1603"]
[PlyCount "45"]
[EventDate "2015.12.27"]
[EventType "team-swiss"]
[EventRounds "7"]
[EventCountry "GER"]
[SourceTitle "EXT 2017"]
[Source "ChessBase"]
[SourceDate "2016.10.25"]
[SourceVersion "1"]
[SourceVersionDate "2016.10.25"]
[SourceQuality "1"]
[WhiteTeam "Gau Algesheim"]
[BlackTeam "Guetersloh"]
[WhiteTeamCountry "GER"]
[BlackTeamCountry "GER"]

1. e4 e5 2. Nf3 Nc6 3. Bc4 Bc5 4. Nc3 Nf6 5. d3 d6 6. Be3 Bb6 7. Qd2 Be6 8. Bb3 Qd7 9. 0-0-0 Bxb3 10. axb3 0-0-0 11. Nd5 Nxd5 12. exd5 Ne7 13. c4 f5 14. Ng5 Ng6 15. Ne6 Rde8 16. Kc2 Bxe3 17. Qxe3 b6 18. Ra1 Kb7 19. Ra3 Nf8 20. Rha1 Ra8 21. Qf3 Nxe6 22. dxe6+ Qc6 23. Rxa7+ 1-0

[Event "GER-chT U16"]
[Site "Lingen"]
[Date "2013.12.28"]
[Round "3.3"]
[White "Guendisch, Stefan"]
[Black "Pfaffenrot, Daniel"]
[Result "0-1"]
[WhiteElo "1301"]
[BlackElo "1563"]
[PlyCount "88"]
[EventDate "2013.12.27"]
[EventType "team-swiss"]
[EventRounds "7"]
[EventCountry "GER"]
[SourceTitle "EXT 2015"]
[Source "ChessBase"]
[SourceDate "2014.11.20"]
[SourceVersion "1"]
[SourceVersionDate "2014.11.20"]
[SourceQuality "1"]
[WhiteTeam "Heilbronn"]
[BlackTeam "Guetersloh"]
[WhiteTeamCountry "GER"]
[BlackTeamCountry "GER"]

1. e4 e5 2. Nc3 Nf6 3. Bc4 Nc6 4. d3 Na5 5. Bb3 Nxb3 6. axb3 Bc5 7. Be3 Bxe3 8. fxe3 d6 9. Nf3 0-0 10. 0-0 Nd7 11. Qd2 Nb6 12. Rf2 f6 13. Raf1 Be6 14. Qe2 Qe7 15. Nh4 a5 16. Nf5 Qd7 17. Rf3 g6 18. Qf2 gxf5 19. Rg3+ Kf7 20. exf5 Bd5 21. e4 Bc6 22. Qf3 Ke7 23. Qh5 Rf7 24. Nd1 Raf8 25. Ne3 Kd8 26. Ra1 a4 27. bxa4 Nxa4 28. Qh6 Nb6 29. b3 d5 30. Qh5 d4 31. Ng4 Qe7 32. Nf2 Rg7 33. Rxg7 Qxg7 34. Qh4 Rg8 35. g3 h6 36. Qh3 Qg5 37. Qg2 Qd2 38. Qh3 Ke7 39. Qh5 Qg5 40. Qh3 h5 41. Qg2 Qd2 42. Qh3 Qxc2 43. Qxh5 Qxb3 44. Qh7+ Qf7 0-1

[Event "GER-chT U16"]
[Site "Lingen"]
[Date "2013.12.28"]
[Round "4.3"]
[White "Moenius, Alexander"]
[Black "Pfaffenrot, Daniel"]
[Result "1/2-1/2"]
[WhiteElo "1607"]
[BlackElo "1563"]
[PlyCount "62"]
[EventDate "2013.12.27"]
[EventType "team-swiss"]
[EventRounds "7"]
[EventCountry "GER"]
[SourceTitle "EXT 2015"]
[Source "ChessBase"]
[SourceDate "2014.11.20"]
[SourceVersion "1"]
[SourceVersionDate "2014.11.20"]
[SourceQuality "1"]
[WhiteTeam "Hoechstadt/Aisch"]
[BlackTeam "Guetersloh"]
[WhiteTeamCountry "GER"]
[BlackTeamCountry "GER"]

1. d4 d5 2. c4 e6 3. Nc3 Nf6 4. cxd5 exd5 5. Bg5 Be7 6. e3 0-0 7. Qc2 h6 8. Bh4 Nc6 9. h3 Be6 10. Nf3 Qc8 11. a3 Bf5 12. Bd3 Bxd3 13. Qxd3 Rd8 14. Ne5 Qe6 15. Nxc6 Qxc6 16. 0-0 Qe6 17. Nb5 Rdc8 18. Bg3 Qd7 19. Rfc1 c6 20. Nc3 Bd6 21. Bxd6 Qxd6 22. b4 b5 23. Qf5 Qe6 24. Qxe6 fxe6 25. Ne2 a5 26. Nf4 Kf7 27. Nd3 a4 28. Ne5+ Ke7 29. Nxc6+ Kd6 30. Ne5 Ne4 31. Nf3 Rc4 1/2-1/2

[Event "GER-chT U14"]
[Site "Magdeburg"]
[Date "2012.12.28"]
[Round "3.2"]
[White "Shankar, Ajay"]
[Black "Pfaffenrot, Daniel"]
[Result "0-1"]
[WhiteElo "1556"]
[BlackElo "1472"]
[PlyCount "72"]
[EventDate "2012.12.27"]
[EventType "team-swiss"]
[EventRounds "7"]
[EventCountry "GER"]
[SourceTitle "EXT 2014"]
[Source "ChessBase"]
[SourceDate "2013.11.20"]
[SourceVersion "1"]
[SourceVersionDate "2013.11.20"]
[SourceQuality "1"]
[WhiteTeam "Hohentuebingen"]
[BlackTeam "Guetersloh"]
[WhiteTeamCountry "GER"]
[BlackTeamCountry "GER"]

1. d4 d5 2. c4 e6 3. e3 Nf6 4. Nf3 Be7 5. Nc3 0-0 6. Bd3 b6 7. cxd5 exd5 8. h3 Bb7 9. 0-0 c5 10. Re1 Nc6 11. a3 Re8 12. Bb1 Bf8 13. Bd2 h6 14. Qc2 g6 15. dxc5 Bxc5 16. Nh4 Ne4 17. Nxe4 dxe4 18. g3 Ne5 19. Kg2 Be7 20. Rd1 Bxh4 21. Bc3 Qg5 22. Bxe5 Rxe5 23. Qc7 Re7 24. Rd7 Rxd7 25. Qxd7 Qe7 26. Qxe7 Bxe7 27. Ba2 Rd8 28. Rc1 Rc8 29. Rd1 Rd8 30. Rc1 Bd6 31. Rd1 Bc7 32. Rc1 Be5 33. Rc2 Kf8 34. Kf1 Ba6+ 35. Ke1 Bb7 36. Kf1 f5 0-1

[Event "GER-chT U14"]
[Site "Magdeburg"]
[Date "2012.12.27"]
[Round "1.3"]
[White "Pfaffenrot, Daniel"]
[Black "Reimann, Matthias"]
[Result "1-0"]
[WhiteElo "1472"]
[BlackElo "1569"]
[PlyCount "93"]
[EventDate "2012.12.27"]
[EventType "team-swiss"]
[EventRounds "7"]
[EventCountry "GER"]
[SourceTitle "EXT 2014"]
[Source "ChessBase"]
[SourceDate "2013.11.20"]
[SourceVersion "1"]
[SourceVersionDate "2013.11.20"]
[SourceQuality "1"]
[WhiteTeam "Guetersloh"]
[BlackTeam "Goeggingen"]
[WhiteTeamCountry "GER"]
[BlackTeamCountry "GER"]

1. e4 d6 2. d4 Nf6 3. Nc3 g6 4. Be3 Bg7 5. h3 c6 6. f4 Qa5 7. Qd2 b5 8. Bd3 Ba6 9. Nf3 Nbd7 10. e5 dxe5 11. dxe5 Nd5 12. Nxd5 Qxd2+ 13. Bxd2 cxd5 14. Nd4 Nb6 15. Bxb5+ Bxb5 16. Nxb5 0-0 17. 0-0-0 Rfc8 18. Be3 e6 19. Bxb6 axb6 20. Kb1 Rc4 21. g3 Bf8 22. Rd4 Rxd4 23. Nxd4 Bc5 24. c3 Bxd4 25. cxd4 Ra4 26. Rd1 Rc4 27. Rd3 Kf8 28. b3 Rc6 29. Kb2 Rc7 30. Rc3 Rb7 31. g4 Rb8 32. a4 Ke8 33. Rc7 h6 34. Kc3 b5 35. axb5 Rxb5 36. Rc5 Rb8 37. b4 Kd7 38. b5 Rc8 39. Rxc8 Kxc8 40. Kb4 Kb7 41. Kc5 Kc7 42. b6+ Kb7 43. Kb5 h5 44. gxh5 gxh5 45. h4 Kb8 46. Kc6 f5 47. exf6 1-0